Flags Difficulty: Hard - Statistics

General Stats
  • This quiz has been taken 261 times
  • The average score is 14 of 16
Answer Stats
Picture Answer % Correct
Uganda
95%
Barbados
94%
Andorra
93%
Lithuania
91%
Niger
91%
Uzbekistan
91%
Mozambique
90%
Myanmar
90%
Seychelles
90%
Yemen
90%
Zimbabwe
90%
Palau
89%
Oman
88%
Paraguay
87%
Tajikistan
85%
Comoros
82%
No matching quizzes found
Score Distribution
Percent of People with Each Score
Percentile by Number Answered
Your Score History
You have not taken this quiz